Miguel Hérnandez : (Registro nro. 164916)

Detalles MARC
000 -CABECERA
campo de control de longitud fija 00566nam a2200181 a 4500
005 - FECHA Y HORA DE LA ÚLTIMA TRANSACCIÓN
campo de control 20210223132155.0
008 - ELEMENTOS DE LONGITUD FIJA--INFORMACIÓN GENERAL
campo de control de longitud fija 130911s2009 mx r 000 0 spa d
020 ## - NÚMERO INTERNACIONAL NORMALIZADO PARA LIBROS
Número Internacional Estándar del Libro 9788498265255
035 ## - NÚMERO DE CONTROL DEL SISTEMA
Número de control de sistema UPN01000192814
049 ## - COLECCIÓN
Colección CG
050 #4 - SIGNATURA TOPOGRÁFICA DE LA BIBLIOTECA DEL CONGRESO
Número de clasificación PQ6615 E7.6
Número de documento/Ítem R5.5
100 1# - ASIENTO PRINCIPAL--NOMBRE PERSONAL
Nombre de persona Riquelme, Jesucristo
9 (RLIN) 34505
245 10 - MENCIÓN DE TÍTULO
Título Miguel Hérnandez :
Resto del título un poeta para espíritus jóvenes /
Mención de responsabilidad, etc. Jesucristo Riquelme.
260 ## - PUBLICACIÓN, DISTRIBUCIÓN, ETC.
Lugar de publicación, distribución, etc. Madrid :
Nombre del editor, distribuidor, etc. ECIR,
Fecha de publicación, distribución, etc. [2009].
300 ## - DESCRIPCIÓN FÍSICA
Extensión 173 p. :
Otras características físicas il.
600 14 - ASIENTO SECUNDARIO DE MATERIA - NOMBRE PERSONAL
Nombre de persona HERNANDEZ, MIGUEL,
Fechas asociadas al nombre 1910-1942 -
Subdivisión general CRITICA E INTERPRETACION
9 (RLIN) 22548
905 ## - TIPO DE MATERIAL
Tipo de material Libro
Existencias
Estado de retiro Estado de pérdida Fuente del sistema de clasificación o colocación Estado dañado No para préstamo Código de colección Localización permanente Ubicación/localización actual Ubicación en estantería Total de préstamos Clasificación Código de barras Fecha visto por última vez Número de copia Tipo de ítem Koha
    Library of Congress Classification     Colección General Bib. Gregorio Torres Quintero Bib. Gregorio Torres Quintero Planta baja 2 PQ6615 E7.6 R5.5 290892 31/12/2020 1 Libro